| 000 | 00749nam a2200253Ia 4500 | ||
|---|---|---|---|
| 003 | OSt | ||
| 005 | 20220926014723.0 | ||
| 006 | a|||||r|||| 00| 0 | ||
| 007 | ta | ||
| 008 | 220923b |||||||| |||| 00| 0 eng d | ||
| 020 | _a0070526702 | ||
| 037 | _cGeneral Book | ||
| 040 |
_aRTL _cRTL _beng |
||
| 041 |
_2eng _aeng |
||
| 082 | _aX:57, L7 | ||
| 100 |
_aRiehl Hein _9321035 |
||
| 245 | 0 |
_aForeign exchange market _b A guide to foreign curre |
|
| 260 |
_aNew York _bMcGraw-Hill USA _c1977 |
||
| 300 |
_axv, 284p. Bib p 257-60; Glossary p 261-77 _ccm. |
||
| 650 | _aForeign Exchange | ||
| 700 |
_a Rodriguez Rita M. _9267211 |
||
| 942 |
_hX:57, L7 _cGB _2CC |
||
| 999 |
_c629697 _d629697 |
||